[Event "CHN-chT 4th"]
[Site "China"]
[Date "2008.12.04"]
[Round "15"]
[White "Guo, Qi"]
[Black "Qin, Kanying"]
[Result "1/2-1/2"]
[WhiteElo "2140"]
[BlackElo "2465"]
[PlyCount "82"]
[EventDate "2008.12.??"]
[EventType "team-tourn"]
[EventRounds "18"]
[EventCountry "CHN"]
[SourceTitle "EXT 2017"]
[Source "ChessBase"]
[SourceDate "2016.10.25"]
[SourceVersion "1"]
[SourceVersionDate "2016.10.25"]
[SourceQuality "1"]

1. d4 d5 2. c4 e6 3. Nc3 Be7 4. Nf3 Nf6 5. Bg5 0-0 6. e3 Nbd7 7. Rc1 a6 8. cxd5 exd5 9. Bd3 c6 10. Qc2 Re8 11. Ne5 Nf8 12. 0-0 Ng4 13. Bxe7 Qxe7 14. Nxg4 Bxg4 15. Na4 Bh5 16. Nc5 Bg6 17. Bxg6 hxg6 18. Qb3 Rab8 19. a4 g5 20. Qd3 Ne6 21. b4 Nc7 22. Rc3 g6 23. f4 Ne6 24. f5 Nxc5 25. bxc5 Qe4 26. fxg6 fxg6 27. Qxe4 Rxe4 28. Rb1 a5 29. Rcb3 Re7 30. h3 Kg7 31. Rb6 g4 32. hxg4 Kh6 33. Rxc6 bxc6 34. Rxb8 Rxe3 35. Ra8 Rd3 36. Rxa5 Rxd4 37. Ra6 Rxg4 38. Rxc6 Rxa4 39. Rd6 d4 40. c6 Rc4 41. c7 Rxc7 1/2-1/2

[Event "CHN-chT Torch Real Estate Cup"]
[Site "Jiangsu Wuxi"]
[Date "2008.10.29"]
[Round "11"]
[White "Qin, Kanying"]
[Black "Munguntuul, Batkhuyag"]
[Result "1/2-1/2"]
[WhiteElo "2465"]
[BlackElo "2261"]
[PlyCount "91"]
[EventDate "2008.05.19"]
[EventType "team-tourn"]
[EventRounds "12"]
[EventCountry "CHN"]
[SourceTitle "EXT 2009"]
[Source "ChessBase"]
[SourceDate "2008.11.26"]
[SourceVersion "1"]
[SourceVersionDate "2008.11.26"]
[SourceQuality "1"]

1. e4 c5 2. Nf3 e6 3. c3 Nf6 4. e5 Nd5 5. Bc4 d6 6. d4 Nb6 7. Bd3 cxd4 8. cxd4 Nc6 9. 0-0 Nb4 10. Be2 Bd7 11. Nc3 Bc6 12. Bg5 Be7 13. Bxe7 Qxe7 14. a3 N4d5 15. Ne4 dxe5 16. Nxe5 0-0 17. Nxc6 bxc6 18. Rc1 Rac8 19. Qd2 Rfd8 20. Rfd1 Nf6 21. Qg5 Nbd5 22. Nxf6+ Nxf6 23. Bf3 Nd5 24. Qxe7 Nxe7 25. Kf1 Rd6 26. Rc4 Rb8 27. Ra4 Rd7 28. b4 g6 29. Ra6 Rb6 30. Rxb6 axb6 31. a4 Ra7 32. Ra1 Nf5 33. Bxc6 Nxd4 34. Be4 Rc7 35. Rd1 e5 36. a5 bxa5 37. bxa5 Ra7 38. f4 Rxa5 39. fxe5 Ne6 40. Rd5 Rxd5 41. Bxd5 Nf4 42. Bc4 g5 43. g3 Ng6 44. e6 fxe6 45. Bxe6+ Kg7 46. Bf5 1/2-1/2

[Event "CHN-chT Torch Real Estate Cup"]
[Site "Jiangsu Wuxi"]
[Date "2008.10.21"]
[Round "9"]
[White "Qin, Kanying"]
[Black "Hou, Yifan"]
[Result "1/2-1/2"]
[WhiteElo "2465"]
[BlackElo "2549"]
[PlyCount "81"]
[EventDate "2008.05.19"]
[EventType "team-tourn"]
[EventRounds "12"]
[EventCountry "CHN"]
[SourceTitle "EXT 2009"]
[Source "ChessBase"]
[SourceDate "2008.11.26"]
[SourceVersion "1"]
[SourceVersionDate "2008.11.26"]
[SourceQuality "1"]

1. e4 c5 2. Nf3 d6 3. d4 cxd4 4. Qxd4 a6 5. c4 Nc6 6. Qe3 g6 7. h3 Bg7 8. Nc3 Nf6 9. Be2 0-0 10. 0-0 Rb8 11. Rb1 Be6 12. Rd1 Nd7 13. Ng5 a5 14. a3 Nc5 15. b4 axb4 16. axb4 Nd7 17. c5 dxc5 18. bxc5 Qc8 19. Nxe6 fxe6 20. Na4 Ra8 21. Bg4 Nd8 22. Nb6 Nxb6 23. Rxb6 Ra6 24. Ba3 Kh8 25. Qb3 Qc7 26. Rxa6 bxa6 27. Qb6 Qf4 28. c6 Nxc6 29. Qxc6 Qxf2+ 30. Kh1 Be5 31. Bc5 Qg3 32. Bg1 Rf2 33. Qe8+ Kg7 34. Qxe7+ Kh6 35. Bf3 Rxf3 36. Rd7 Rf1 37. Qxh7+ Kg5 38. Qe7+ Bf6 39. Qc5+ Be5 40. Qe7+ Bf6 41. Qc5+ 1/2-1/2

[Event "CHN-chT Torch Real Estate Cup"]
[Site "Jiangsu Wuxi"]
[Date "2008.05.19"]
[Round "7"]
[White "Qin, Kanying"]
[Black "Wang, Yu"]
[Result "1/2-1/2"]
[WhiteElo "2465"]
[BlackElo "2109"]
[PlyCount "57"]
[EventDate "2008.05.19"]
[EventType "team-tourn"]
[EventRounds "12"]
[EventCountry "CHN"]
[SourceTitle "EXT 2009"]
[Source "ChessBase"]
[SourceDate "2008.11.26"]
[SourceVersion "1"]
[SourceVersionDate "2008.11.26"]
[SourceQuality "1"]

1. e4 e5 2. Bc4 Nf6 3. d3 Nc6 4. Nf3 Be7 5. 0-0 0-0 6. a4 d6 7. a5 a6 8. Nc3 Bg4 9. h3 Bh5 10. Be3 Kh8 11. Kh1 Qd7 12. Nd5 Nxd5 13. Bxd5 Nb4 14. Nxe5 dxe5 15. Qxh5 Nxd5 16. exd5 Qxd5 17. Ra4 f5 18. f4 Bd6 19. b3 exf4 20. Bxf4 Bxf4 21. Raxf4 Qxa5 22. Rxf5 Rxf5 23. Qxf5 Qxf5 24. Rxf5 Kg8 25. Re5 Rf8 26. Re7 Rf7 27. Re8+ Rf8 28. Re7 Rf7 29. Re8+ 1/2-1/2

[Event "All China Games 3rd"]
[Site "Suzhou"]
[Date "2006.05.26"]
[Round "11"]
[White "Ruan, Lufei"]
[Black "Qin, Kanying"]
[Result "1/2-1/2"]
[WhiteElo "2370"]
[BlackElo "2465"]
[PlyCount "50"]
[EventDate "2006.05.20"]
[EventType "swiss"]
[EventRounds "11"]
[EventCountry "CHN"]
[SourceTitle "CBM 112 Extra"]
[Source "ChessBase"]
[SourceDate "2006.07.14"]
[SourceVersion "1"]
[SourceVersionDate "2006.07.14"]
[SourceQuality "1"]

1. e4 e5 2. Nf3 d6 3. d4 exd4 4. Nxd4 Nf6 5. Nc3 Be7 6. Bf4 0-0 7. Be2 Re8 8. 0-0 Bf8 9. f3 Nbd7 10. Qd2 Ne5 11. Rad1 Ng6 12. Be3 Bd7 13. Bc4 a6 14. a4 Ne5 15. Be2 h6 16. Bf2 c6 17. Nb3 b5 18. axb5 axb5 19. Ra1 Qc7 20. Rxa8 Rxa8 21. Ra1 Rxa1+ 22. Nxa1 Nc4 23. Qc1 Be6 24. Nb3 b4 25. Nd1 c5 1/2-1/2

[Event "All China Games 3rd"]
[Site "Suzhou"]
[Date "2006.05.21"]
[Round "3"]
[White "Wang, Zili"]
[Black "Qin, Kanying"]
[Result "1-0"]
[WhiteElo "2501"]
[BlackElo "2465"]
[PlyCount "48"]
[EventDate "2006.05.20"]
[EventType "swiss"]
[EventRounds "11"]
[EventCountry "CHN"]
[SourceTitle "CBM 112 Extra"]
[Source "ChessBase"]
[SourceDate "2006.07.14"]
[SourceVersion "1"]
[SourceVersionDate "2006.07.14"]
[SourceQuality "1"]

1. e4 e5 2. Nf3 Nc6 3. Bb5 a6 4. Ba4 Nf6 5. 0-0 Be7 6. Re1 b5 7. Bb3 d6 8. c3 0-0 9. d3 Na5 10. Bc2 c5 11. Nbd2 Nc6 12. Nf1 Re8 13. h3 h6 14. N3h2 Bf8 15. Qf3 Be6 16. Ne3 Ne7 17. Bb3 d5 18. Nhg4 Nxg4 19. exd5 Nxd5 20. Nxg4 Bxg4 21. hxg4 Nf6 22. g5 hxg5 23. Bxg5 Rc8 24. Re4 Qd7 1-0

[Event "CHN-chT 2nd"]
[Site "China"]
[Date "2006.04.25"]
[Round "4"]
[White "Qin, Kanying"]
[Black "Gu, Xiaobing"]
[Result "1/2-1/2"]
[WhiteElo "2465"]
[BlackElo "2371"]
[PlyCount "79"]
[EventDate "2006.04.04"]
[EventType "team-tourn"]
[EventRounds "18"]
[EventCountry "CHN"]
[SourceTitle "EXT 2017"]
[Source "ChessBase"]
[SourceDate "2016.10.25"]
[SourceVersion "1"]
[SourceVersionDate "2016.10.25"]
[SourceQuality "1"]
[WhiteTeam "Shanghai"]
[BlackTeam "Jiangsu"]
[WhiteTeamCountry "CHN"]
[BlackTeamCountry "CHN"]

1. e4 c5 2. Nf3 d6 3. d4 cxd4 4. Nxd4 Nf6 5. Nc3 a6 6. Be3 e5 7. Nf3 Be7 8. Bc4 0-0 9. 0-0 Be6 10. Bb3 Qc7 11. Qe2 Nc6 12. Bg5 Rac8 13. Bxf6 Bxf6 14. Rac1 Rfd8 15. Qd2 Ne7 16. Nd5 Bxd5 17. Bxd5 Nxd5 18. Qxd5 Qb6 19. b3 Rc5 20. Qd3 d5 21. exd5 Rcxd5 22. Qe4 Qc5 23. c4 R5d7 24. Rfe1 g6 25. h4 Bg7 26. Nxe5 Rd2 27. Qf4 f5 28. b4 Qxb4 29. h5 Qd6 30. c5 Bxe5 31. Qxe5 Qxe5 32. Rxe5 Rxa2 33. Re7 Rdd2 34. Rb1 Rab2 35. Rxb7 Rxb1+ 36. Rxb1 gxh5 37. Ra1 Rc2 38. Rxa6 Rxc5 39. Rh6 Kg7 40. Rxh5 1/2-1/2

[Event "World-ch (Women) k.o."]
[Site "Ekaterinburg"]
[Date "2006.03.16"]
[Round "3.5"]
[White "Sebag, Marie"]
[Black "Qin, Kanying"]
[Result "1-0"]
[WhiteElo "2415"]
[BlackElo "2469"]
[PlyCount "117"]
[EventDate "2006.03.11"]
[EventType "k.o."]
[EventRounds "6"]
[EventCountry "RUS"]
[SourceTitle "CBM 111 Extra"]
[Source "ChessBase"]
[SourceDate "2006.05.09"]
[SourceVersion "1"]
[SourceVersionDate "2006.05.09"]
[SourceQuality "1"]

1. e4 e5 2. Nf3 Nc6 3. Bb5 a6 4. Bxc6 dxc6 5. 0-0 Qd6 6. Na3 Be6 7. Qe2 f6 8. Rd1 0-0-0 9. Nc4 Qe7 10. d3 Qf7 11. Bd2 c5 12. a3 Ne7 13. Na5 b6 14. Nc4 Nc6 15. b4 g5 16. c3 h5 17. Be3 g4 18. Nh4 b5 19. Nb2 Bb3 20. Rd2 Nd4 21. cxd4 cxd4 22. Nf5 dxe3 23. Qxe3 Kb7 24. a4 c6 25. axb5 cxb5 26. d4 Bxb4 27. Rd3 Be6 28. d5 Bxf5 29. exf5 Qc7 30. Rc1 Qb6 31. Qe4 Bc5 32. Rdc3 Bxf2+ 33. Kf1 Qd4 34. Rc7+ Kb8 35. Qc2 Bg1 36. Nd3 Qxd5 37. Nb4 Qd6 38. Rf7 Rc8 39. Nc6+ Rxc6 40. Qxc6 Qxc6 41. Rxc6 Bxh2 42. Rcxf6 Bf4 43. Rb6+ Kc8 44. Rxa6 Kb8 45. Rb6+ Kc8 46. Rxb5 Rd8 47. Rb2 h4 48. f6 h3 49. gxh3 gxh3 50. Ra2 Kb8 51. Rh7 Rf8 52. f7 h2 53. Kg2 Kc7 54. Rg7 Kd7 55. Ra7+ Ke6 56. Rg6+ Kf5 57. Rg8 Bh6 58. Rxf8 Bxf8 59. Ra8 1-0

[Event "World-ch (Women) k.o."]
[Site "Ekaterinburg"]
[Date "2006.03.14"]
[Round "2.4"]
[White "Houska, Jovanka"]
[Black "Qin, Kanying"]
[Result "0-1"]
[WhiteElo "2355"]
[BlackElo "2469"]
[PlyCount "82"]
[EventDate "2006.03.11"]
[EventType "k.o."]
[EventRounds "6"]
[EventCountry "RUS"]
[SourceTitle "CBM 111 Extra"]
[Source "ChessBase"]
[SourceDate "2006.05.09"]
[SourceVersion "1"]
[SourceVersionDate "2006.05.09"]
[SourceQuality "1"]

1. e4 e5 2. Nf3 Nc6 3. d4 exd4 4. Nxd4 Bc5 5. Nxc6 Qf6 6. Qd2 dxc6 7. Nc3 Bd4 8. Bd3 Ne7 9. 0-0 Ng6 10. Qe1 Ne5 11. Be2 0-0 12. Kh1 Ng4 13. Bxg4 Bxg4 14. Be3 Bxc3 15. bxc3 Qe7 16. f3 Be6 17. Qg3 f6 18. Rfd1 Rad8 19. a4 a5 20. h3 Rxd1+ 21. Rxd1 Rd8 22. Rxd8+ Qxd8 23. e5 f5 24. Kh2 b6 25. h4 Qe8 26. Qf4 c5 27. Bf2 h6 28. Bg3 c4 29. Qd4 Kh7 30. Bf4 Qxa4 31. Qd8 Qc6 32. Bc1 Qd7 33. Qf8 Qd5 34. Bf4 Qd7 35. Bc1 a4 36. Qb4 Qd8 37. Kh3 f4+ 38. g4 Qd1 39. Bxf4 Qxf3+ 40. Bg3 Qxg4+ 41. Kg2 Bd5+ 0-1

[Event "World-ch (Women) k.o."]
[Site "Ekaterinburg"]
[Date "2006.03.14"]
[Round "2.3"]
[White "Qin, Kanying"]
[Black "Houska, Jovanka"]
[Result "1/2-1/2"]
[WhiteElo "2469"]
[BlackElo "2355"]
[PlyCount "108"]
[EventDate "2006.03.11"]
[EventType "k.o."]
[EventRounds "6"]
[EventCountry "RUS"]
[SourceTitle "CBM 111 Extra"]
[Source "ChessBase"]
[SourceDate "2006.05.09"]
[SourceVersion "1"]
[SourceVersionDate "2006.05.09"]
[SourceQuality "1"]

1. e4 c6 2. d4 d5 3. exd5 cxd5 4. c4 Nf6 5. Nc3 e6 6. Nf3 Bb4 7. Bd3 dxc4 8. Bxc4 0-0 9. 0-0 a6 10. Bg5 b5 11. Bb3 Bxc3 12. bxc3 Bb7 13. Ne5 Nbd7 14. Nxd7 Qxd7 15. Bxf6 gxf6 16. Qg4+ Kh8 17. Qh4 Qd8 18. a4 f5 19. Qf4 Qb8 20. Qd2 Rg8 21. f3 Qd6 22. axb5 axb5 23. Rxa8 Rxa8 24. Qb2 Kg8 25. Rb1 Qf4 26. Qe2 Rc8 27. Qd3 h5 28. Bd1 Bd5 29. g3 Qh6 30. f4 h4 31. Bf3 Bc4 32. Qe3 Kh7 33. Ra1 Qg7 34. Kf2 Rg8 35. Bg2 Qg4 36. Qf3 Qxf3+ 37. Bxf3 hxg3+ 38. hxg3 Kg6 39. Be2 Rc8 40. Ra3 Bxe2 41. Kxe2 Kh5 42. Kf3 Rc4 43. Rb3 f6 44. Ra3 b4 45. cxb4 Rxb4 46. Rd3 Kg6 47. Ke3 Kh5 48. Kf3 Ra4 49. Re3 Rxd4 50. Rxe6 Kg6 51. Kg2 Rd1 52. Re8 Ra1 53. Rg8+ Kf7 54. Rb8 Kg6 1/2-1/2

[Event "World-ch (Women) k.o."]
[Site "Ekaterinburg"]
[Date "2006.03.11"]
[Round "1.1"]
[White "Aketayeva, Dana"]
[Black "Qin, Kanying"]
[Result "0-1"]
[WhiteElo "2330"]
[BlackElo "2469"]
[PlyCount "60"]
[EventDate "2006.03.11"]
[EventType "k.o."]
[EventRounds "6"]
[EventCountry "RUS"]
[SourceTitle "CBM 111 Extra"]
[Source "ChessBase"]
[SourceDate "2006.05.09"]
[SourceVersion "1"]
[SourceVersionDate "2006.05.09"]
[SourceQuality "1"]

1. Nf3 Nf6 2. c4 c5 3. Nc3 Nc6 4. e4 e5 5. d3 d6 6. Be2 Be7 7. 0-0 0-0 8. a3 Bd7 9. Rb1 Nd4 10. b4 b6 11. Qd2 h6 12. Nxd4 cxd4 13. Nd1 b5 14. Nb2 Rc8 15. Re1 a6 16. Bd1 Nh7 17. Qe2 Kh8 18. a4 f5 19. Bb3 Bh4 20. Rf1 f4 21. f3 Bg3 22. Bd2 Qh4 23. h3 Rf6 24. Be1 Rg6 25. cxb5 Bxh3 26. Bxg3 fxg3 27. gxh3 Ng5 28. Rfc1 Nxh3+ 29. Kf1 Rf8 30. Ke1 Nf4 0-1

[Event "Beijing zt 3.3 (Women)"]
[Site "Beijing"]
[Date "2005.10.23"]
[Round "6"]
[White "Wang, Yu A"]
[Black "Qin, Kanying"]
[Result "0-1"]
[WhiteElo "2396"]
[BlackElo "2472"]
[PlyCount "96"]
[EventDate "2005.10.20"]
[EventType "tourn"]
[EventRounds "9"]
[EventCountry "CHN"]
[EventCategory "5"]
[SourceTitle "EXT 2006"]
[Source "ChessBase"]
[SourceDate "2005.11.24"]
[SourceVersion "1"]
[SourceVersionDate "2005.11.24"]
[SourceQuality "1"]

1. e4 Nf6 2. Nc3 e5 3. Nf3 Nc6 4. d4 exd4 5. Nxd4 Bb4 6. Nxc6 bxc6 7. Bd3 d5 8. exd5 cxd5 9. 0-0 0-0 10. Bg5 c6 11. Qf3 Be7 12. Rae1 Re8 13. h3 h6 14. Bh4 Rb8 15. b3 Rb4 16. Bg3 Be6 17. Bf5 Bxf5 18. Qxf5 Bf8 19. Be5 Re6 20. a3 Rb7 21. Bd4 Rbe7 22. Re3 Qe8 23. Rg3 Kh8 24. Na4 Re1 25. Re3 R1xe3 26. fxe3 Ne4 27. Rf4 Kg8 28. Rg4 Re6 29. b4 g6 30. Nc5 Nxc5 31. bxc5 Bg7 32. Qf4 h5 33. Rg3 Be5 34. Qh6 Rf6 35. c3 Rf5 36. Rf3 Qe6 37. Kf2 Qf6 38. Ke2 a5 39. a4 Rxf3 40. gxf3 Qf5 41. f4 Bxd4 42. cxd4 Qxh3 43. Qg5 Qg4+ 44. Qxg4 hxg4 45. Kf2 f5 46. Kg3 Kg7 47. Kh4 Kh6 48. Kg3 Kh5 0-1

[Event "Beijing zt 3.3 (Women)"]
[Site "Beijing"]
[Date "2005.10.22"]
[Round "3"]
[White "Hou, Yifan"]
[Black "Qin, Kanying"]
[Result "0-1"]
[WhiteElo "2220"]
[BlackElo "2472"]
[PlyCount "140"]
[EventDate "2005.10.20"]
[EventType "tourn"]
[EventRounds "9"]
[EventCountry "CHN"]
[EventCategory "5"]
[SourceTitle "EXT 2006"]
[Source "ChessBase"]
[SourceDate "2005.11.24"]
[SourceVersion "1"]
[SourceVersionDate "2005.11.24"]
[SourceQuality "1"]

1. e4 e5 2. Nf3 Nc6 3. Bb5 a6 4. Ba4 Nf6 5. 0-0 Be7 6. Re1 b5 7. Bb3 d6 8. a4 Bg4 9. c3 0-0 10. h3 Bxf3 11. Qxf3 Na5 12. Bc2 b4 13. d4 c5 14. dxe5 dxe5 15. Nd2 Nd7 16. Nf1 Nb6 17. Ne3 Re8 18. Nf5 Bf8 19. Be3 Re6 20. Red1 Qc7 21. b3 Rd8 22. Rxd8 Qxd8 23. Rd1 Qc7 24. Qe2 Nc8 25. Rd5 bxc3 26. Qe1 Nc6 27. Bxc5 Nb4 28. Bxb4 Bxb4 29. Qd1 Nd6 30. Ne3 g6 31. Rd3 a5 32. Nd5 Qc5 33. Qg4 Kg7 34. Qh4 Ne8 35. Ne3 Rd6 36. Nd5 Nf6 37. Nxb4 axb4 38. Rxd6 Qxd6 39. Qg5 Nd7 40. Qe3 Nc5 41. Kf1 Kf8 42. Qe2 Ke7 43. Qb5 Qa6 44. Qxa6 Nxa6 45. Ke2 Nc5 46. Ke3 Kd6 47. g3 f6 48. Ke2 Ne6 49. Kd3 Kc5 50. Bd1 Nd4 51. f4 h6 52. h4 Ne6 53. Ke3 Nd4 54. Kd3 Ne6 55. Ke3 g5 56. hxg5 hxg5 57. f5 Nd4 58. Kd3 g4 59. Bxg4 Nxb3 60. Bd1 Nd4 61. g4 Kc6 62. Bc2 b3 63. Bxb3 Nxb3 64. Kxc3 Nc5 65. Kb4 Nxe4 66. a5 Nd6 67. a6 Kb6 68. a7 Kxa7 69. Kc5 Ne4+ 70. Kd5 Ng5 0-1

[Event "CHN-chT (Women)"]
[Site "Tianjing"]
[Date "2003.09.02"]
[Round "3"]
[White "Qin, Kanying"]
[Black "Li, Ruofan"]
[Result "1/2-1/2"]
[WhiteElo "2473"]
[BlackElo "2433"]
[PlyCount "84"]
[EventDate "2003.08.31"]
[EventType "team"]
[EventRounds "9"]
[EventCountry "CHN"]
[SourceTitle "EXT 2004"]
[Source "ChessBase"]
[SourceDate "2003.11.25"]
[SourceVersion "1"]
[SourceVersionDate "2003.11.25"]
[SourceQuality "1"]

1. e4 e5 2. Nf3 Nc6 3. Bb5 a6 4. Ba4 Nf6 5. 0-0 Be7 6. Re1 b5 7. Bb3 d6 8. c3 0-0 9. h3 Bb7 10. d4 Re8 11. Nbd2 Bf8 12. d5 Nb8 13. Nf1 Nbd7 14. N3h2 Nc5 15. Bc2 c6 16. b4 Ncd7 17. dxc6 Bxc6 18. Bg5 h6 19. Bxf6 Nxf6 20. Ng4 Nxg4 21. Qxg4 Bd7 22. Qd1 Qc7 23. Ne3 Qxc3 24. Nd5 Qc6 25. Bb3 Qb7 26. a4 bxa4 27. Bxa4 Bb5 28. Qg4 Rec8 29. Bxb5 Qxb5 30. Ra5 Qc4 31. Rea1 Rcb8 32. R5a3 Ra7 33. Rc3 Qb5 34. Rac1 a5 35. Rc7 Rxc7 36. Rxc7 axb4 37. Nf6+ Kh8 38. Rxf7 Qc4 39. Qg6 Qc1+ 40. Kh2 Qf4+ 41. Kg1 Qc1+ 42. Kh2 Qf4+ 1/2-1/2

[Event "SUFE Cup 2nd"]
[Site "Shanghai"]
[Date "2001.06.03"]
[Round "11"]
[White "Qin, Kanying"]
[Black "Maric, Alisa"]
[Result "1/2-1/2"]
[WhiteElo "2489"]
[BlackElo "2446"]
[PlyCount "120"]
[EventDate "2001.05.31"]
[EventType "schev (rapid)"]
[EventRounds "12"]
[EventCountry "CHN"]
[SourceTitle "CBM 082 Extra"]
[Source "ChessBase"]
[SourceDate "2001.07.03"]
[SourceVersion "1"]
[SourceVersionDate "2001.07.03"]
[SourceQuality "1"]

1. e4 c6 2. c4 d5 3. exd5 cxd5 4. cxd5 Nf6 5. Nc3 Nxd5 6. Nf3 e6 7. Bc4 Be7 8. 0-0 0-0 9. d4 Nc6 10. Re1 Nxc3 11. bxc3 b6 12. Bd3 Bb7 13. Qc2 g6 14. Bf4 Rc8 15. Qd2 Na5 16. Ne5 Bf6 17. Bh6 Bg7 18. Rac1 Rc7 19. h4 f6 20. Ng4 Bd5 21. Ne3 Bb7 22. Ng4 Qd6 23. Bxg7 Kxg7 24. Qh6+ Kg8 25. h5 Qd5 26. f3 Qxh5 27. Rxe6 Qxh6 28. Nxh6+ Kg7 29. Ng4 Bd5 30. Re2 Rfc8 31. Ne3 Bf7 32. Rec2 Nc4 33. Nxc4 Bxc4 34. Bxc4 Rxc4 35. Kf2 b5 36. Re1 Kf7 37. Rb2 a6 38. Rbe2 R8c7 39. Re6 R4c6 40. d5 Rxe6 41. Rxe6 Rxc3 42. Rxa6 Rd3 43. Ra7+ Ke8 44. Rxh7 Rd2+ 45. Ke3 Rxa2 46. Rb7 Rxg2 47. Rxb5 Kd7 48. Rb6 Ke7 49. Re6+ Kf7 50. Ra6 Rg1 51. Ra7+ Ke8 52. Rg7 Kf8 53. Rh7 Rd1 54. Ke4 Re1+ 55. Kd4 Rf1 56. Rh3 Ke7 57. Rh7+ Kd6 58. Rg7 Rxf3 59. Rxg6 Rf5 60. Ke4 Re5+ 1/2-1/2

[Event "SUFE Cup 2nd"]
[Site "Shanghai"]
[Date "2001.06.03"]
[Round "9"]
[White "Zhukova, Natalia"]
[Black "Qin, Kanying"]
[Result "1-0"]
[WhiteElo "2463"]
[BlackElo "2489"]
[PlyCount "125"]
[EventDate "2001.05.31"]
[EventType "schev (rapid)"]
[EventRounds "12"]
[EventCountry "CHN"]
[SourceTitle "CBM 082 Extra"]
[Source "ChessBase"]
[SourceDate "2001.07.03"]
[SourceVersion "1"]
[SourceVersionDate "2001.07.03"]
[SourceQuality "1"]

1. c4 c5 2. Nf3 Nc6 3. d4 cxd4 4. Nxd4 Nf6 5. Nc3 e6 6. e3 Be7 7. Be2 0-0 8. 0-0 d5 9. cxd5 Nxd4 10. Qxd4 Nxd5 11. Nxd5 Qxd5 12. Qxd5 exd5 13. Bf3 Be6 14. Rd1 Bf6 15. Bxd5 Bxd5 16. Rxd5 Rfd8 17. Rxd8+ Rxd8 18. Kf1 Rd1+ 19. Ke2 Rh1 20. h3 g5 21. e4 h5 22. Rb1 Be5 23. Kd3 Rf1 24. Ke2 Rg1 25. g3 h4 26. gxh4 gxh4 27. Kd3 Rf1 28. Ke2 Rh1 29. Kf3 a5 30. Kg4 Rg1+ 31. Kxh4 Kh7 32. Kh5 b5 33. a3 f6 34. Ra1 a4 35. h4 Bd4 36. Be3 Rxa1 37. Bxd4 Kg7 38. Kg4 Kf7 39. Kf5 Rc1 40. Bxf6 Rc5+ 41. Be5 Rc1 42. f4 Rh1 43. Bf6 Rh2 44. e5 Re2 45. h5 Ke8 46. e6 Rh2 47. Kg6 Rg2+ 48. Kf5 Rh2 49. Kg5 Rg2+ 50. Kf5 Rh2 51. Kg6 Rg2+ 52. Kf5 Rh2 53. Bc3 Rxh5+ 54. Kg6 Rh3 55. f5 Re3 56. Kg7 Rg3+ 57. Kf6 Re3 58. Kg5 Re2 59. Kf4 Kf8 60. Kf3 Rh2 61. f6 Rh7 62. Bb4+ Ke8 63. f7+ 1-0

[Event "SUFE Cup 2nd"]
[Site "Shanghai"]
[Date "2001.06.02"]
[Round "7"]
[White "Chiburdanidze, Maia"]
[Black "Qin, Kanying"]
[Result "1/2-1/2"]
[WhiteElo "2513"]
[BlackElo "2489"]
[PlyCount "75"]
[EventDate "2001.05.31"]
[EventType "schev (rapid)"]
[EventRounds "12"]
[EventCountry "CHN"]
[SourceTitle "CBM 082 Extra"]
[Source "ChessBase"]
[SourceDate "2001.07.03"]
[SourceVersion "1"]
[SourceVersionDate "2001.07.03"]
[SourceQuality "1"]

1. d4 Nf6 2. c4 g6 3. Nc3 d5 4. cxd5 Nxd5 5. e4 Nxc3 6. bxc3 Bg7 7. Ba3 0-0 8. Nf3 b6 9. Bc4 Bb7 10. 0-0 c5 11. Qe2 Qc8 12. Rab1 Nd7 13. e5 Bxf3 14. gxf3 Qc7 15. f4 e6 16. Rfd1 Rad8 17. Qe4 Rfe8 18. Bb5 a6 19. Qc6 Qa7 20. Be2 Rc8 21. Qa4 cxd4 22. cxd4 Bh6 23. Bc1 Rc7 24. Be3 Qa8 25. Qxa6 Ra7 26. Qb5 Rxa2 27. Bc4 Ra7 28. d5 Nf8 29. Qxb6 Ra3 30. d6 Qf3 31. Bf1 Bxf4 32. d7 Bxe3 33. fxe3 Ra2 34. Rb2 Qg4+ 35. Kf2 Qh4+ 36. Kg1 Qg4+ 37. Kf2 Qh4+ 38. Kg1 1/2-1/2

[Event "CHN-chT (Women)"]
[Site "Suzhou"]
[Date "2001.03.30"]
[Round "5"]
[White "Xu, Yuhua"]
[Black "Qin, Kanying"]
[Result "1/2-1/2"]
[WhiteElo "2500"]
[BlackElo "2489"]
[PlyCount "62"]
[EventDate "2001.03.02"]
[EventType "team"]
[EventRounds "10"]
[EventCountry "CHN"]
[SourceTitle "EXT 2002"]
[Source "ChessBase"]
[SourceDate "2001.11.25"]
[SourceVersion "1"]
[SourceVersionDate "2001.11.25"]
[SourceQuality "1"]

1. e4 e5 2. Nf3 Nc6 3. Bc4 Bc5 4. c3 Nf6 5. d3 a6 6. Bb3 Ba7 7. 0-0 d6 8. Nbd2 0-0 9. h3 h6 10. Re1 Re8 11. Nf1 Be6 12. Be3 d5 13. Bxa7 Rxa7 14. Ng3 dxe4 15. dxe4 Qxd1 16. Raxd1 Bxb3 17. axb3 Raa8 18. Rd3 Red8 19. Red1 Rxd3 20. Rxd3 g6 21. b4 Kf8 22. Kf1 Ke7 23. Ke2 Ke6 24. Rd1 Ne8 25. Ne1 Nd6 26. Nd3 b6 27. Ra1 f5 28. exf5+ gxf5 29. Nf1 a5 30. bxa5 Rxa5 31. Rxa5 Nxa5 1/2-1/2

[Event "USA-CHN Summit"]
[Site "Seattle"]
[Date "2001.03.16"]
[Round "3.8"]
[White "Baginskaite, Camilla"]
[Black "Qin, Kanying"]
[Result "1/2-1/2"]
[WhiteElo "2306"]
[BlackElo "2489"]
[PlyCount "102"]
[EventDate "2001.03.14"]
[EventType "team"]
[EventRounds "4"]
[EventCountry "USA"]
[SourceTitle "CBM 082"]
[Source "ChessBase"]
[SourceDate "2001.05.17"]
[SourceVersion "1"]
[SourceVersionDate "2001.05.17"]
[SourceQuality "1"]
[WhiteTeam "United States"]
[BlackTeam "China"]
[WhiteTeamCountry "USA"]
[BlackTeamCountry "CHN"]

1. d4 Nf6 2. c4 g6 3. Nc3 d5 4. cxd5 Nxd5 5. e4 Nxc3 6. bxc3 Bg7 7. Be3 c5 8. Qd2 Qa5 9. Nf3 0-0 10. Rc1 cxd4 11. cxd4 Qxd2+ 12. Kxd2 Nc6 13. Bb5 f5 14. exf5 Bxf5 15. Rhd1 Be6 16. Bxc6 bxc6 17. Rxc6 Bxa2 18. Ra1 Bd5 19. Rca6 Bxf3 20. gxf3 Rad8 21. Rxa7 Bxd4 22. Bxd4 Rxd4+ 23. Ke2 Rf7 24. Kf1 Rd3 25. R1a3 Rxa3 26. Rxa3 Rf5 27. Kg2 Rg5+ 28. Kf1 Kf7 29. Ra6 Rd5 30. Kg2 Rd6 31. Ra4 Kf6 32. Rf4+ Kg7 33. Re4 e6 34. Ra4 Rd7 35. Re4 Kf6 36. Rf4+ Ke5 37. Rf8 Kd6 38. Ra8 Rf7 39. Ra6+ Ke5 40. Ra5+ Kf4 41. Ra4+ Kf5 42. Ra5+ e5 43. Ra6 Kg5 44. Re6 Rf5 45. Kg3 Kh5 46. h4 g5 47. hxg5 Rxg5+ 48. Kh3 Rf5 49. Kg3 Rg5+ 50. Kh3 Rf5 51. Kg3 Rg5+ 1/2-1/2

[Event "World-ch (Women) k.o."]
[Site "New Delhi"]
[Date "2000.12.15"]
[Round "6.4"]
[White "Qin, Kanying"]
[Black "Xie, Jun"]
[Result "1/2-1/2"]
[WhiteElo "2501"]
[BlackElo "2568"]
[PlyCount "90"]
[EventDate "2000.11.27"]
[EventType "k.o."]
[EventRounds "6"]
[EventCountry "IND"]
[SourceTitle "CBM 079 Extra"]
[Source "ChessBase"]
[SourceDate "2001.01.11"]
[SourceVersion "2"]
[SourceVersionDate "2001.01.25"]
[SourceQuality "1"]

1. e4 e5 2. Nf3 Nc6 3. Bb5 a6 4. Ba4 Nf6 5. 0-0 Be7 6. Re1 b5 7. Bb3 d6 8. c3 0-0 9. h3 Nd7 10. d4 Bf6 11. a4 Bb7 12. d5 Ne7 13. axb5 axb5 14. Rxa8 Qxa8 15. Na3 Ba6 16. Nh2 Ng6 17. Ng4 Be7 18. Ne3 Rb8 19. Bd2 Bg5 20. Bc2 Nf6 21. Ng4 Bxd2 22. Nxf6+ gxf6 23. Qxd2 b4 24. cxb4 Qb7 25. b5 Bxb5 26. Qh6 Qc8 27. b4 Bd7 28. Qd2 Kh8 29. Kh2 f5 30. Rc1 f4 31. Bd1 Qd8 32. Bh5 Nh4 33. f3 Qg5 34. Bg4 f5 35. exf5 h5 36. Rxc7 hxg4 37. hxg4 Bxf5 38. Nc4 Rxb4 39. Nxe5 dxe5 40. Qxb4 Nxf3+ 41. gxf3 Qh4+ 42. Kg1 Qg3+ 43. Kh1 Qh3+ 44. Kg1 Qg3+ 45. Kh1 Qh3+ 1/2-1/2